Les joueurs du Sénégal depuis leur dernier trophée - Statistiques

Statistiques générales
  • Ce quiz a été pris 44 fois
  • Le résultat moyen est 32 sur 66
Statistiques - réponses
Poste Joueur Clubs (depuis le 05/02/2023) % Correct
A Sadio Mané Bayern Munich, Al-Nassr
95%
A Boulaye Dia Villarreal CF, US Salernitana (prêt), US Salernitana, Lazio Rome (prêt)
85%
M Pape Matar Sarr Tottenham Hotspur
83%
M Ismaïla Sarr Watford FC, Olympique de Marseille, Crystal Palace
80%
G Edouard Mendy Chelsea, Al-Ahli
78%
D Antoine Mendy OGC Nice
76%
A Iliman Ndiaye Sheffield United, Olympique de Marseille, Everton
76%
D Kalidou Koulibaly Chelsea, Al-Hilal
76%
M Rassoul Ndiaye FC Sochaux, Le Havre AC
76%
D Abdou Aziz Ndiaye US Gorée, ASC Jaaraf
73%
D Abdou Diallo Paris SG, RB Leipzig (prêt), Al-Arabi
73%
D Abdoulaye Ndiaye Olympique Lyonnais, SC Braga (prêt), ESTAC Troyes, Stade Brestois (prêt)
73%
D Cheikhou Ndiaye Génération Foot, RFC Seraing
73%
D Formose Mendy Amiens SC, FC Lorient
73%
M Lamine Camara FC Metz, AS Monaco
73%
M Mamadou Lamine Camara RS Berkane
73%
D Moussa N'Diaye RSC Anderlecht
73%
M Nampalys Mendy Leicester City, RC Lens
73%
A Chérif Ndiaye Shanghai Port, Adana Demirspor (prêt), Adana Demirspor, Etoile Rouge de Belgrade
71%
D Junior Marc Mendy Guédiawaye FC, Al-Hilal Omdurman
71%
A Habib Diallo RC Strasbourg, Al-Shabab, Damac FC (prêt)
68%
M Pape Gueye Olympique de Marseille, FC Séville (prêt), Villarreal CF
68%
A Papa Amadou Diallo Génération Foot, FC Metz
66%
A Amara Diouf Génération Foot
63%
M Idrissa Gueye Everton
63%
A Idrissa Gueye Génération Foot, FC Metz
63%
M Ilay Camara RSC Anderlecht, RWD Molenbeek, Standard Liège (prêt)
63%
A Nicolas Jackson Villarreal CF, Chelsea
63%
G Yehvann Diouf Stade de Reims
63%
M El Hadji Malick Diouf Tromso IL, Slavia Prague
61%
D Ousmane Diouf Teungueth FC, Al-Hilal Omdurman
61%
A Krépin Diatta AS Monaco
59%
A Bamba Dieng FC Lorient, Angers SCO (prêt)
54%
D Moussa Niakhaté Nottingham Forest, Olympique Lyonnais
54%
G Seny Dieng Queens Park Rangers, Middlesbrough FC
54%
M Pathé Ciss Rayo Vallecano
51%
A Cheick Sabaly FC Metz
49%
D Youssouf Sabaly Real Betis
49%
A Assane Diao Real Betis, Como Calcio
46%
D Ismail Jakobs AS Monaco, Galatasaray (prêt), Galatasaray
41%
D Fodé Ballo-Touré AC Milan, Fulham (prêt), Le Havre AC
39%
M Habib Diarra RC Strasbourg
39%
G Alfred Gomis Stade Rennais, Como Calcio (prêt), FC Lorient (prêt), US Palerme
37%
M Djibril Diarra Génération Foot, RFC Seraing
37%
G Mory Diaw Clermont Foot, Rodez AF (prêt)
37%
A Abdallah Sima Brighton & Hove Albion, Angers SCO (prêt), Glasgow Rangers (prêt), Stade Brestois (prêt)
34%
M Cheikhou Kouyaté Nottingham Forest
34%
D Abdoulaye Seck Maccabi Haïfa
29%
M Ibrahima Seck US Gorée, Rakow Czestochowa
29%
D Mamadou Sané Guédiawaye FC, Aris Limassol, Francs Borains (prêt)
29%
D Noah Fadiga Stade Brestois, La Gantoise
24%
M Dion Lopy Stade de Reims, UD Almeria
22%
A Malick Mbaye Génération Foot, FC Metz, Amiens SC
22%
D Mikayil Faye NK Kustosija, FC Barcelone, Stade Rennais
22%
A Souleymane Faye CF Talavera, Real Betis (prêt), Real Betis
20%
G Pape Sy Génération Foot, RFC Seraing, FC Metz
17%
D Abdallah Ndour FC Sochaux, EA Guingamp
15%
D Seydou Sano US Gorée, SC Braga, Al-Gharafa
15%
A Pape Ousmane Sakho Simba SC, US Quevilly, Raja CA
12%
A Bouly Junior Sambou Wydad AC, Konyaspor, Gol Gohar (prêt), Sanlirufaspor (prêt), Sanlirufaspor
10%
M Pape Diong AF Darou Salam, RC Strasbourg
10%
M Ousmane Kane AS Douanes, Tranmere Rovers, FK Bylis
7%
G Abdoulaye Diakhaté ASC Jaraaf
5%
M Samba Diba Servette FC, Kallithea Athènes, Grenoble Foot
2%
D Souleymane Basse Génération Foot, Valenciennes FC
2%
D Cheikh Sidibé Teungueth FC, Azam FC, HJK Helsinki
0%
Aucun quiz correspondant
Distribution des résultats
% des personnes avec chaque résultat
Percentile par nombre de réponses
Votre historique - résultats
Vous n’avez pas pris ce quiz